|
|
|
|
| LEADER |
00000nam a2200000 a 4500 |
| 001 |
UCU7487 |
| 003 |
CL-VaPUC |
| 008 |
960705e19560200SP |||||||||||||||||spa|d |
| 082 |
0 |
4 |
|a 681.76
|b IGO
|2 21
|
| 100 |
|
|
|a Igoa, José María
|e author
|9 483356
|
| 245 |
1 |
3 |
|a La maquinaria en la construcción
|
| 300 |
|
|
|a 192 p
|
| 942 |
|
|
|c BK
|
| 945 |
|
|
|d 19960705 00:00:00
|a cmena
|
| 260 |
|
|
|a Barcelona
|b CEAC
|c 1956
|
| 650 |
|
7 |
|a MAQUINARIA DE CONSTRUCCION
|2 CL-VaPUC
|9 364112
|
| 650 |
|
0 |
|a Construcción
|9 260195
|
| 650 |
|
0 |
|a Ingeniería mecánica
|9 262089
|
| 650 |
|
7 |
|a MAQUINARIA PARA MOVIMIENTO DE TIERRAS
|2 CL-VaPUC
|9 266898
|
| 650 |
|
7 |
|a EXPLANADORAS
|2 CL-VaPUC
|9 366351
|
| 650 |
|
7 |
|a GRUAS
|2 CL-VaPUC
|9 267275
|
| 650 |
|
7 |
|a TECNOLOGIA DE LA CONSTRUCCION
|2 CL-VaPUC
|9 260196
|
| 583 |
|
|
|a last modification
|c 19960705 00:00:00
|k Rodrigo Vera
|
| 999 |
|
|
|c 250121
|d 250119
|